U.S. States with the Most Lakes - Statistics

General Stats
  • This quiz has been taken 58 times
  • The average score is 9 of 10
Answer Stats
# of Lakes State % Correct
3,000,000 Alaska
98%
11,842 Minnesota
94%
7,500 Florida
92%
11,000 Michigan
92%
7,600 New York
92%
3,000 California
89%
6,700 Texas
89%
15,000 Wisconsin
89%
8,000 Washington
83%
6,000 Maine
79%
No matching quizzes found
Score Distribution
Percent of People with Each Score
Percentile by Number Answered
Your Score History
You have not taken this quiz